[Event "BL2-Sued 1617"]
[Site "Germany"]
[Date "2016.12.04"]
[Round "3.5"]
[White "Weller, Manuel"]
[Black "Spirin, Oleg"]
[Result "1/2-1/2"]
[WhiteElo "2181"]
[BlackElo "2436"]
[PlyCount "83"]
[EventDate "2016.10.16"]
[EventType "team-tourn"]
[EventRounds "9"]
[EventCountry "GER"]
[SourceTitle "EXT 2018"]
[Source "ChessBase"]
[SourceDate "2017.10.13"]
[SourceVersion "1"]
[SourceVersionDate "2017.10.13"]
[SourceQuality "1"]
[WhiteTeam "Schwarzenbach"]
[BlackTeam "Untergrombach"]
[WhiteTeamCountry "GER"]
[BlackTeamCountry "GER"]

1. e4 c5 2. Nf3 d6 3. d4 cxd4 4. Nxd4 Nf6 5. Nc3 a6 6. h3 e6 7. g4 h6 8. Bg2 g5 9. 0-0 Nbd7 10. Qe2 Be7 11. Be3 Qc7 12. Rad1 Ne5 13. a4 Bd7 14. Bc1 0-0-0 15. Nf3 Bc6 16. Nxe5 dxe5 17. Qc4 Qa5 18. Be3 Qb4 19. Qb3 Qxb3 20. cxb3 Nd7 21. Nd5 Bc5 22. Rc1 Bd4 23. Rc2 Rhe8 24. Rfc1 Nb8 25. Bd2 exd5 26. exd5 e4 27. dxc6 Nxc6 28. Re1 Kb8 29. Rxe4 Rxe4 30. Bxe4 Ne5 31. Kg2 Nd7 32. b4 Nf6 33. Bf3 Nd5 34. Bxd5 Rxd5 35. Kf3 Bg7 36. Bc3 Bxc3 37. bxc3 Rd3+ 38. Kg2 Kc7 39. Re2 Kd6 40. c4 Rb3 41. Rd2+ Kc7 42. b5 1/2-1/2

[Event "CZE-chT 1516"]
[Site "Czech Republic"]
[Date "2016.04.17"]
[Round "11.5"]
[White "Ponizil, Cyril"]
[Black "Spirin, Oleg"]
[Result "1-0"]
[WhiteElo "2469"]
[BlackElo "2464"]
[PlyCount "81"]
[EventDate "2015.11.07"]
[EventType "team-tourn"]
[EventRounds "11"]
[EventCountry "CZE"]
[SourceTitle "EXT 2017"]
[Source "ChessBase"]
[SourceDate "2016.10.25"]
[SourceVersion "1"]
[SourceVersionDate "2016.10.25"]
[SourceQuality "1"]
[WhiteTeam "Brno Duras"]
[BlackTeam "Praha Mahrla"]
[WhiteTeamCountry "CZE"]
[BlackTeamCountry "CZE"]

1. e4 c6 2. d4 d5 3. e5 Bf5 4. Nf3 e6 5. Be2 Nd7 6. 0-0 Bg6 7. Nbd2 Nh6 8. Nb3 Nf5 9. Bd2 Be7 10. g4 Nh4 11. Nxh4 Bxh4 12. f4 f5 13. exf6 Bxf6 14. g5 Be7 15. Bg4 Bf5 16. Re1 0-0 17. Rxe6 g6 18. Bxf5 Rxf5 19. Qe2 Bf8 20. Re1 Qc7 21. Re8 Rxe8 22. Qxe8 Kg7 23. Nc1 Nb6 24. Nd3 Qd7 25. Qxd7+ Nxd7 26. Re8 Bd6 27. Ra8 Bb8 28. Ne5 Nxe5 29. dxe5 Bc7 30. Kg2 Bb6 31. Rb8 Rf7 32. a4 a6 33. a5 Ba7 34. Ra8 Bc5 35. Rd8 Be7 36. Rd7 Bc5 37. e6 Re7 38. b4 Rxd7 39. exd7 Be7 40. Bc3+ Kf7 41. Bf6 1-0

[Event "CZE-chT 1516"]
[Site "Czech Republic"]
[Date "2016.04.16"]
[Round "10.6"]
[White "Spirin, Oleg"]
[Black "Kuchynka, Lukas"]
[Result "1-0"]
[WhiteElo "2464"]
[BlackElo "2256"]
[PlyCount "79"]
[EventDate "2015.11.07"]
[EventType "team-tourn"]
[EventRounds "11"]
[EventCountry "CZE"]
[SourceTitle "EXT 2017"]
[Source "ChessBase"]
[SourceDate "2016.10.25"]
[SourceVersion "1"]
[SourceVersionDate "2016.10.25"]
[SourceQuality "1"]
[WhiteTeam "Praha Mahrla"]
[BlackTeam "Litovel"]
[WhiteTeamCountry "CZE"]
[BlackTeamCountry "CZE"]

1. Nf3 Nf6 2. c4 e6 3. g3 a6 4. Bg2 b5 5. d3 Bb7 6. 0-0 c5 7. Nc3 b4 8. Na4 Be7 9. e4 d6 10. b3 Nbd7 11. Bb2 0-0 12. Re1 Ne8 13. e5 dxe5 14. Nxe5 Bxg2 15. Kxg2 Nxe5 16. Bxe5 f6 17. Bb2 e5 18. f4 exf4 19. gxf4 Ra7 20. Qf3 g6 21. Rad1 Ng7 22. d4 Nf5 23. Qd5+ Qxd5+ 24. cxd5 cxd4 25. Bxd4 Nxd4 26. Rxd4 Rd8 27. Kf3 Kf7 28. Red1 Bd6 29. Rc1 Bf8 30. Nb6 a5 31. Rc6 Rd6 32. Rdc4 Rb7 33. Rxd6 Bxd6 34. Rc6 Bc7 35. Nc4 Ra7 36. Ke4 f5+ 37. Ke3 Ke8 38. d6 Bd8 39. Kd4 Kd7 40. Kd5 1-0

[Event "BL2-Sued 1516"]
[Site "Germany"]
[Date "2016.04.10"]
[Round "9.2"]
[White "Spirin, Oleg"]
[Black "Lobron, Eric"]
[Result "0-1"]
[WhiteElo "2462"]
[BlackElo "2529"]
[PlyCount "66"]
[EventDate "2015.09.20"]
[EventType "team-tourn"]
[EventRounds "9"]
[EventCountry "GER"]
[SourceTitle "EXT 2017"]
[Source "ChessBase"]
[SourceDate "2016.10.25"]
[SourceVersion "1"]
[SourceVersionDate "2016.10.25"]
[SourceQuality "1"]
[WhiteTeam "Untergrombach"]
[BlackTeam "Schott Mainz"]
[WhiteTeamCountry "GER"]
[BlackTeamCountry "GER"]

1. Nf3 d5 2. c4 e6 3. g3 d4 4. Bg2 c5 5. b4 cxb4 6. a3 Nc6 7. d3 a5 8. 0-0 Nf6 9. axb4 Bxb4 10. Ba3 Ra6 11. Ne1 Bxa3 12. Rxa3 h5 13. h4 0-0 14. Nd2 e5 15. Nef3 Qe7 16. Qa1 b6 17. Qb2 Nb4 18. Rfa1 Bb7 19. Ng5 Bxg2 20. Kxg2 Ra7 21. Qb1 Ng4 22. Rb3 f6 23. Ngf3 Rc7 24. Rb2 Rc6 25. Nb3 f5 26. c5 bxc5 27. Rxa5 e4 28. Ng5 exd3 29. exd3 f4 30. Nxd4 cxd4 31. Rxb4 fxg3 32. Qb3+ Kh8 33. Ne4 Qxh4 0-1

[Event "CZE-chT 1516"]
[Site "Czech Republic"]
[Date "2016.02.07"]
[Round "8.4"]
[White "Pakleza, Zbigniew"]
[Black "Spirin, Oleg"]
[Result "1-0"]
[WhiteElo "2520"]
[BlackElo "2464"]
[PlyCount "83"]
[EventDate "2015.11.07"]
[EventType "team-tourn"]
[EventRounds "11"]
[EventCountry "CZE"]
[SourceTitle "CBM 170 Extra"]
[Source "ChessBase"]
[SourceDate "2016.02.25"]
[SourceVersion "1"]
[SourceVersionDate "2016.02.25"]
[SourceQuality "1"]
[WhiteTeam "Ostrava Labortech"]
[BlackTeam "Praha Mahrla"]
[WhiteTeamCountry "CZE"]
[BlackTeamCountry "CZE"]

1. d4 Nf6 2. Bf4 g6 3. e3 Bg7 4. Nf3 d6 5. h3 0-0 6. Be2 Nc6 7. 0-0 Nd7 8. Bh2 e5 9. c4 f5 10. Nc3 h6 11. Rc1 g5 12. dxe5 dxe5 13. Qd5+ Kh8 14. Rfd1 a6 15. Qd2 f4 16. Qc2 Ne7 17. exf4 gxf4 18. Nh4 c6 19. Rd6 Rf6 20. Rd2 Qg8 21. Ne4 Rf8 22. Qc3 Nf5 23. Ng6+ Kh7 24. Nxf8+ Qxf8 25. Qd3 Kh8 26. Bg4 Nd4 27. Re1 c5 28. f3 Nb6 29. Kf1 Bf5 30. Bg1 Bg6 31. h4 Bf7 32. b3 Rd8 33. Qc3 Qe7 34. Bf2 Na8 35. Qa5 Bf8 36. Qxc5 Qxc5 37. Nxc5 Bxc5 38. Rxe5 Ba7 39. Re4 Bg6 40. Bxd4+ Kg8 41. Rxf4 Nc7 42. Be3 1-0

[Event "CZE-chT 1516"]
[Site "Czech Republic"]
[Date "2016.02.06"]
[Round "7.4"]
[White "Spirin, Oleg"]
[Black "Kanovsky, David"]
[Result "1/2-1/2"]
[WhiteElo "2464"]
[BlackElo "2455"]
[PlyCount "40"]
[EventDate "2015.11.07"]
[EventType "team-tourn"]
[EventRounds "11"]
[EventCountry "CZE"]
[SourceTitle "CBM 170 Extra"]
[Source "ChessBase"]
[SourceDate "2016.02.25"]
[SourceVersion "1"]
[SourceVersionDate "2016.02.25"]
[SourceQuality "1"]
[WhiteTeam "Praha Mahrla"]
[BlackTeam "Ostrava Poruba"]
[WhiteTeamCountry "CZE"]
[BlackTeamCountry "CZE"]

1. Nf3 c5 2. c4 g6 3. g3 Bg7 4. d4 cxd4 5. Nxd4 Nc6 6. Nc2 d6 7. Bg2 Be6 8. Ne3 Qd7 9. h3 Rc8 10. Na3 Ne5 11. Qb3 b6 12. Bd2 Nh6 13. Bc3 0-0 14. Nd5 Nf5 15. 0-0 Nc6 16. Bxg7 Nxg7 17. Kh2 Na5 18. Qb4 Bxd5 19. Bxd5 Nh5 20. b3 Nf6 1/2-1/2

[Event "BL2-Sued 1516"]
[Site "Germany"]
[Date "2015.09.20"]
[Round "1.1"]
[White "Spirin, Oleg"]
[Black "Heimann, Andreas"]
[Result "1/2-1/2"]
[WhiteElo "2462"]
[BlackElo "2550"]
[PlyCount "56"]
[EventDate "2015.09.20"]
[EventType "team-tourn"]
[EventRounds "9"]
[EventCountry "GER"]
[SourceTitle "EXT 2017"]
[Source "ChessBase"]
[SourceDate "2016.10.25"]
[SourceVersion "1"]
[SourceVersionDate "2016.10.25"]
[SourceQuality "1"]
[WhiteTeam "Untergrombach"]
[BlackTeam "Baden-Baden II"]
[WhiteTeamCountry "GER"]
[BlackTeamCountry "GER"]

1. Nf3 Nf6 2. c4 c5 3. g3 d5 4. cxd5 Nxd5 5. Bg2 Nc6 6. Nc3 g6 7. 0-0 Bg7 8. Nxd5 Qxd5 9. d3 0-0 10. Be3 Bd7 11. Nd4 Qd6 12. Nxc6 Bxc6 13. Bxc6 Qxc6 14. Rc1 Qa6 15. Rxc5 b6 16. Rc2 Qxa2 17. Qa1 Qb3 18. Rfc1 a5 19. Qa3 a4 20. Kg2 b5 21. Qxb3 axb3 22. Rc5 Bxb2 23. Rb1 Ba3 24. Rxb5 b2 25. Bc5 Bxc5 26. Rxc5 Rfb8 27. Rc2 Ra2 28. Kf3 g5 1/2-1/2

[Event "CZE-chT 1415"]
[Site "Czech Republic"]
[Date "2015.03.27"]
[Round "9.6"]
[White "Yemelin, Vasily"]
[Black "Spirin, Oleg"]
[Result "1/2-1/2"]
[WhiteElo "2574"]
[BlackElo "2475"]
[PlyCount "52"]
[EventDate "2014.11.01"]
[EventType "team-tourn"]
[EventRounds "11"]
[EventCountry "CZE"]
[SourceTitle "EXT 2016"]
[Source "ChessBase"]
[SourceDate "2015.10.08"]
[SourceVersion "1"]
[SourceVersionDate "2015.10.08"]
[SourceQuality "1"]
[WhiteTeam "Lysa nad Labem"]
[BlackTeam "Praha Mahrla"]
[WhiteTeamCountry "CZE"]
[BlackTeamCountry "CZE"]

1. e4 c5 2. Nf3 d6 3. d4 cxd4 4. Nxd4 Nf6 5. Nc3 a6 6. Be3 e6 7. Be2 Qc7 8. Qd2 b5 9. a3 Bb7 10. f3 Nbd7 11. 0-0-0 d5 12. exd5 Nxd5 13. Nxd5 Bxd5 14. Rhe1 Rc8 15. Kb1 Bc5 16. Bf4 Qb6 17. Nf5 0-0 18. b4 Bf2 19. Ne7+ Kh8 20. Rf1 Rce8 21. Nxd5 exd5 22. Qxd5 Nf6 23. Qd6 Qa7 24. Rd2 Be3 25. Bxe3 Qxe3 26. Qd3 Qb6 1/2-1/2

[Event "CZE-chT1W 1314"]
[Site "Czech Republic"]
[Date "2014.04.13"]
[Round "11.2"]
[White "Spirin, Oleg"]
[Black "Kulhanek, Tomas"]
[Result "1-0"]
[WhiteElo "2481"]
[BlackElo "2330"]
[PlyCount "73"]
[EventDate "2013.10.20"]
[EventType "team-tourn"]
[EventRounds "11"]
[EventCountry "CZE"]
[SourceTitle "EXT 2015"]
[Source "ChessBase"]
[SourceDate "2014.11.20"]
[SourceVersion "1"]
[SourceVersionDate "2014.11.20"]
[SourceQuality "1"]
[WhiteTeam "Jicin"]
[BlackTeam "Turnov Zikuda II"]
[WhiteTeamCountry "CZE"]
[BlackTeamCountry "CZE"]

1. c4 e5 2. g3 d6 3. Bg2 g6 4. Nc3 Bg7 5. d3 Nc6 6. e4 Nge7 7. Nge2 0-0 8. 0-0 h6 9. h3 Kh7 10. f4 exf4 11. gxf4 Nd4 12. Nxd4 Bxd4+ 13. Kh2 f5 14. Rb1 c6 15. Ne2 Bg7 16. b3 Be6 17. Bb2 Bxb2 18. Rxb2 Qb6 19. Qc1 a5 20. Qc3 Rae8 21. Ng3 Qb4 22. Qc1 d5 23. exd5 cxd5 24. Re2 Bf7 25. Rfe1 dxc4 26. dxc4 Nc6 27. Rxe8 Bxe8 28. Ne2 a4 29. Nc3 axb3 30. axb3 Qxb3 31. Nd5 Bd7 32. Qa1 Qxc4 33. Nf6+ Rxf6 34. Qxf6 Qxf4+ 35. Kh1 Qc4 36. Qd6 Qf7 37. Kg1 1-0

[Event "CZE-chT 1213"]
[Site "Czech Republic"]
[Date "2013.02.16"]
[Round "5.3"]
[White "Bulski, Krzysztof"]
[Black "Spirin, Oleg"]
[Result "1/2-1/2"]
[WhiteElo "2549"]
[BlackElo "2472"]
[PlyCount "65"]
[EventDate "2012.11.03"]
[EventType "team-tourn"]
[EventRounds "11"]
[EventCountry "CZE"]
[SourceTitle "EXT 2014"]
[Source "ChessBase"]
[SourceDate "2013.11.20"]
[SourceVersion "1"]
[SourceVersionDate "2013.11.20"]
[SourceQuality "1"]
[WhiteTeam "Litovel"]
[BlackTeam "Praha Mahrla"]
[WhiteTeamCountry "CZE"]
[BlackTeamCountry "CZE"]

1. d4 Nf6 2. c4 e6 3. Nf3 Bb4+ 4. Nbd2 0-0 5. a3 Be7 6. g3 d6 7. Bg2 Nbd7 8. 0-0 e5 9. Nb1 c6 10. Nc3 e4 11. Ne1 d5 12. cxd5 cxd5 13. f3 exf3 14. Nxf3 Nb6 15. Qd3 g6 16. Ne5 Be6 17. Kh1 Rc8 18. Bh6 Re8 19. Rad1 Ng4 20. Bf4 Bg5 21. Qf3 Nxe5 22. dxe5 Bxf4 23. Qxf4 Rc4 24. e4 Qe7 25. Qf2 d4 26. Nd5 Nxd5 27. exd5 Bf5 28. g4 Bxg4 29. d6 Qd7 30. Rxd4 Rxd4 31. Qxd4 Bh3 32. Bxh3 Qxh3 33. Qc4 1/2-1/2

[Event "CZE-chT1W 1213"]
[Site "Czech Republic"]
[Date "2012.11.25"]
[Round "3.1"]
[White "Simek, Petr1111"]
[Black "Spirin, Oleg"]
[Result "1/2-1/2"]
[WhiteElo "2347"]
[BlackElo "2472"]
[PlyCount "22"]
[EventDate "2012.10.28"]
[EventType "team-tourn"]
[EventRounds "11"]
[EventCountry "CZE"]
[SourceTitle "CBM 151 Extra"]
[Source "ChessBase"]
[SourceDate "2012.12.18"]
[SourceVersion "1"]
[SourceVersionDate "2012.12.18"]
[SourceQuality "1"]
[WhiteTeam "Praha Kobylisy"]
[BlackTeam "Jicin"]
[WhiteTeamCountry "CZE"]
[BlackTeamCountry "CZE"]

1. e4 c6 2. d4 d5 3. Nc3 dxe4 4. Nxe4 Bf5 5. Ng3 Bg6 6. N1e2 Nd7 7. Nf4 e5 8. Nxg6 hxg6 9. dxe5 Qa5+ 10. Bd2 Qxe5+ 11. Qe2 0-0-0 1/2-1/2

[Event "CZE-chT1W 1112"]
[Site "Czech Republic"]
[Date "2012.02.12"]
[Round "8.1"]
[White "Petr, Martin"]
[Black "Spirin, Oleg"]
[Result "1/2-1/2"]
[WhiteElo "2526"]
[BlackElo "2493"]
[PlyCount "115"]
[EventDate "2011.10.02"]
[EventType "team-tourn"]
[EventRounds "11"]
[EventCountry "CZE"]
[SourceTitle "EXT 2013"]
[Source "ChessBase"]
[SourceDate "2012.11.22"]
[SourceVersion "1"]
[SourceVersionDate "2012.11.22"]
[SourceQuality "1"]
[WhiteTeam "Hradec Kralove"]
[BlackTeam "Jicin"]
[WhiteTeamCountry "CZE"]
[BlackTeamCountry "CZE"]

1. e4 c6 2. d4 d5 3. exd5 cxd5 4. c4 Nf6 5. Nc3 Nc6 6. Bg5 Be6 7. Be2 Qa5 8. Bf3 Rd8 9. Bxf6 gxf6 10. cxd5 Bxd5 11. Bxd5 Rxd5 12. Nf3 Rd7 13. 0-0 e6 14. d5 Nb4 15. Qd4 Nxd5 16. Nxd5 Qxd5 17. Qxa7 Rg8 18. Kh1 b5 19. Qe3 Rg4 20. Rac1 Rc4 21. Rxc4 bxc4 22. Rc1 Bc5 23. Qe2 Qd3 24. Qxd3 Rxd3 25. Kg1 Bd4 26. Nxd4 Rxd4 27. g3 Rd2 28. Rxc4 Rxb2 29. Ra4 f5 30. Kg2 Ke7 31. Kf3 Kf6 32. h4 h5 33. Ke3 Rc2 34. Ra7 Rc3+ 35. Kd2 Rf3 36. Ke2 Rc3 37. a4 Ra3 38. a5 e5 39. a6 f4 40. gxf4 exf4 41. Ra8 f3+ 42. Kd2 Kf5 43. a7 Kf4 44. Kc2 Ra2+ 45. Kb3 Ra1 46. Kb4 Ra2 47. Kb3 Ra1 48. Kc4 Ra2 49. Kc5 f5 50. Kd6 Ra6+ 51. Ke7 Ra2 52. Kf6 Ra6+ 53. Kf7 Ra2 54. Kf6 Ra6+ 55. Ke7 Ra2 56. Kd6 Ra6+ 57. Kd5 Ra5+ 58. Ke6 1/2-1/2

[Event "CZE-chT1W 1112"]
[Site "Czech Republic"]
[Date "2012.01.29"]
[Round "7.2"]
[White "Jirka, Jiri"]
[Black "Spirin, Oleg"]
[Result "0-1"]
[WhiteElo "2415"]
[BlackElo "2493"]
[PlyCount "100"]
[EventDate "2011.10.02"]
[EventType "team-tourn"]
[EventRounds "11"]
[EventCountry "CZE"]
[SourceTitle "EXT 2013"]
[Source "ChessBase"]
[SourceDate "2012.11.22"]
[SourceVersion "1"]
[SourceVersionDate "2012.11.22"]
[SourceQuality "1"]
[WhiteTeam "Postovni sporitelna"]
[BlackTeam "Jicin"]
[WhiteTeamCountry "CZE"]
[BlackTeamCountry "CZE"]

1. d4 Nf6 2. c4 e6 3. g3 Bb4+ 4. Bd2 Qe7 5. Bg2 Nc6 6. Nf3 Bxd2+ 7. Nbxd2 d6 8. 0-0 0-0 9. e4 e5 10. d5 Nb8 11. Ne1 a5 12. Nd3 Na6 13. a3 Bg4 14. f3 Bd7 15. b4 axb4 16. axb4 c6 17. dxc6 bxc6 18. Ra5 Nc7 19. Qa1 Rxa5 20. Qxa5 Rc8 21. Rb1 Nfe8 22. Qb6 Qd8 23. f4 Rb8 24. Qf2 f6 25. fxe5 dxe5 26. Nc5 Bc8 27. Bf1 Nd6 28. Qe3 Qe7 29. Kg2 h6 30. Qc3 Ne6 31. Nxe6 Bxe6 32. b5 cxb5 33. cxb5 Qb7 34. Bd3 Rc8 35. Qa5 Ra8 36. Qb4 Qb6 37. Rb2 Ra1 38. Nb1 f5 39. Qc3 fxe4 40. Qxe5 Nf7 41. Qxe4 Ng5 42. Qe2 Bd5+ 43. Kf1 Ra8 44. Rb4 Qc5 45. Qe1 Nf3 46. Qc3 Qg1+ 47. Ke2 Re8+ 48. Be4 Ng5 49. Nd2 Bxe4 50. Nxe4 Nxe4 0-1

[Event "Amantea op-A 9th"]
[Site "Amantea"]
[Date "2011.09.06"]
[Round "3"]
[White "Spirin, Oleg"]
[Black "Piscopo, Pierluigi"]
[Result "1/2-1/2"]
[WhiteElo "2493"]
[BlackElo "2373"]
[PlyCount "61"]
[EventDate "2011.09.04"]
[EventType "swiss"]
[EventRounds "9"]
[EventCountry "ITA"]
[SourceTitle "CBM 144 Extra"]
[Source "ChessBase"]
[SourceDate "2011.10.28"]
[SourceVersion "1"]
[SourceVersionDate "2011.10.28"]
[SourceQuality "1"]

1. Nf3 Nf6 2. c4 g6 3. g3 Bg7 4. Bg2 0-0 5. 0-0 d6 6. d4 c6 7. Nc3 Qa5 8. e4 e5 9. h3 Nbd7 10. Re1 exd4 11. Nxd4 Ne5 12. Bf1 Re8 13. Rb1 d5 14. Nb3 Qd8 15. cxd5 cxd5 16. f4 Nc6 17. e5 Nh5 18. g4 Ng3 19. Bg2 h5 20. Be3 hxg4 21. hxg4 d4 22. Nxd4 Nxd4 23. Qxd4 Qh4 24. Ne4 Rd8 25. Nd6 Qxg4 26. Qd1 Qh4 27. Qf3 Nh5 28. Qf2 Qg4 29. Qf3 Qh4 30. Qf2 Qg4 31. Qf3 1/2-1/2

[Event "Creon op 16th"]
[Site "Creon"]
[Date "2011.08.07"]
[Round "9"]
[White "Solodovnichenko, Yuri"]
[Black "Spirin, Oleg"]
[Result "1/2-1/2"]
[WhiteElo "2615"]
[BlackElo "2491"]
[PlyCount "43"]
[EventDate "2011.08.01"]
[EventType "swiss"]
[EventRounds "9"]
[EventCountry "FRA"]
[SourceTitle "CBM 143 Extra"]
[Source "ChessBase"]
[SourceDate "2011.08.29"]
[SourceVersion "1"]
[SourceVersionDate "2011.08.29"]
[SourceQuality "1"]

1. e4 e5 2. Nf3 Nf6 3. Nxe5 d6 4. Nf3 Nxe4 5. d4 d5 6. Bd3 Nc6 7. 0-0 Be7 8. c4 Nb4 9. Be2 0-0 10. Nc3 Bf5 11. a3 Nxc3 12. bxc3 Nc6 13. Re1 Re8 14. cxd5 Qxd5 15. Bf4 Rac8 16. h3 h6 17. Qc1 Bf6 18. Be3 Na5 19. c4 Qd8 20. Ra2 c5 21. dxc5 Nb3 22. Qd1 1/2-1/2

[Event "Creon op 16th"]
[Site "Creon"]
[Date "2011.08.06"]
[Round "8"]
[White "Inkiov, Ventzislav"]
[Black "Spirin, Oleg"]
[Result "0-1"]
[WhiteElo "2476"]
[BlackElo "2491"]
[PlyCount "108"]
[EventDate "2011.08.01"]
[EventType "swiss"]
[EventRounds "9"]
[EventCountry "FRA"]
[SourceTitle "CBM 143 Extra"]
[Source "ChessBase"]
[SourceDate "2011.08.29"]
[SourceVersion "1"]
[SourceVersionDate "2011.08.29"]
[SourceQuality "1"]

1. d4 Nf6 2. c4 g6 3. Nc3 Bg7 4. Nf3 d6 5. Bg5 h6 6. Bh4 g5 7. Bg3 Nh5 8. e3 e6 9. Nd2 Nxg3 10. hxg3 Nd7 11. Qc2 Qe7 12. Be2 Nf6 13. 0-0-0 Bd7 14. Bf3 c6 15. Nde4 Nxe4 16. Nxe4 f5 17. Bh5+ Kd8 18. Nc3 Kc7 19. f4 Rad8 20. e4 Kb8 21. e5 c5 22. exd6 Qxd6 23. d5 gxf4 24. dxe6 Qxe6 25. Rhe1 Qxc4 26. Re7 Bd4 27. Be2 Qg8 28. Bf3 fxg3 29. Kb1 Qg6 30. Nd5 Qd6 31. Qb3 Bc6 32. Rde1 c4 33. Qxc4 Qc5 34. Qxc5 Bxc5 35. R7e5 Rhe8 36. Kc2 Bd4 37. Rxe8 Rxe8 38. Rxe8+ Bxe8 39. Ne7 Bd7 40. b3 Kc7 41. Kd3 Be5 42. Nd5+ Kd6 43. Ne3 b5 44. Nc2 f4 45. Ne1 Bf5+ 46. Be4 Be6 47. Nf3 a5 48. Nd2 Kc5 49. Nf3 Bg7 50. Kc2 a4 51. bxa4 bxa4 52. a3 Bb3+ 53. Kd3 Bb2 54. Nd2 Ba2 0-1